| 000 | 00962cam a22002535a 4500 | ||
|---|---|---|---|
| 001 | 18022063 | ||
| 005 | 20170115111527.0 | ||
| 008 | 140128t2014 maua frbdf 001 0 eng d | ||
| 020 | _a9780128000106 | ||
| 040 |
_aDLC _beng _cDLC _dDLC _dEG-ScBUE _dEG-ScBUE |
||
| 082 | 0 | 4 |
_a621.4024 _bBAH _222 |
| 100 | 1 |
_aBahadori, Alireza. _939353 |
|
| 245 | 1 | 0 |
_aThermal insulation handbook for the oil, gas, and petrochemical industries / _cAlireza Bahadori. |
| 260 |
_aWaltham ; _aOxford : _bGulf Professional Publishing / Elsevier, _cc.2014. |
||
| 300 |
_axxi, 394 p. : _bill. ; _c24 cm. |
||
| 500 | _aIndex : p. 379-394. | ||
| 504 | _aBibliography : p. 369-377. | ||
| 504 | _aIncludes glossary. | ||
| 650 | 0 |
_aPetroleum pipelines _xInsulation _vHandbooks, manuals, etc. _2BUEsh |
|
| 650 | 0 |
_aPetroleum industry and trade _xEquipment and supplies _xProtection _vHandbooks, manuals, etc. _2BUEsh |
|
| 651 | _2BUEsh | ||
| 653 |
_bENGGEN _cFebruary2016 _cMay2016 |
||
| 942 | _2ddc | ||
| 999 |
_c20630 _d20602 |
||